| 000 | 01123nam a2200193Ii 4500 | ||
|---|---|---|---|
| 003 | JO-AjNU | ||
| 008 | 230605s9999||||xx |||||||||||||| ||und|| | ||
| 040 |
_aJO-AjNU _bara _erda _cJO-AjNU |
||
| 041 | _aara | ||
| 050 | 1 | 4 | _aHD30.2 2003 |
| 100 | 3 |
_aإعداد المشاقبة، زياد محمد؛ اشراف رفعت الفاعوري, _eauthor _957175 |
|
| 245 | 0 | 0 | _aدور نظم المعلومات الإدارية المحوسبة في صنع القرارات الإدارية : دراسة في بنك الإسكان للتجارة والتمويل = The Role of Computer-Based Information Systems (CBIS) in Decision- Making |
| 264 | 3 | 1 | _aاربد: جامعة اليرموك-كلية الاقتصاد والعلوم الادارية، 2003 |
| 300 |
_a164ص _bرسالة جامعية، جامعة اليرموك-كلية الاقتصاد والعلوم الادارية، 2003 |
||
| 336 |
_atext _btxt _2rdacontent |
||
| 337 |
_aunmediated _bn _2rdamedia |
||
| 338 |
_avolume _bnc _2rdacarrier |
||
| 650 | 4 |
_aنظم المعلومات الادارية- اتخاذ القرارات- معالجة البيانات _957176 |
|
| 999 |
_aA25605 _c29173 _d29173 |
||